Statistics for Random Flags Quiz

Click here to take the quiz!

General Stats

  • This quiz has been taken 122,775 times
    (82,816 since last reset)
  • The average score is 14 of 20

Answer Stats

Answer % Correct
The Olympics
95%
United Nations
93%
LGBT Pride
90%
European Union
89%
Soviet Union
88%
Germany
85%
United States
85%
Scotland
83%
Red Cross
83%
England
82%
Japan
79%
California
64%
Texas
62%
Puerto Rico
59%
France
57%
Hong Kong
56%
NATO
56%
President of the U.S.
56%
New Mexico
31%
Buddhism
30%

Score Distribution

Percentile by Number Answered

Percent of People with Each Score

Your Score History

You have not taken this quiz since the last reset